Temple, tomb, and dwelling : Egyptian antiquities from the Harer Family Trust Collection /
Main Author:
Corporate Authors: ,
Other Authors:
Format: Book
Language: English
Published:
[San Bernardino] :
University Art Gallery, California State University,
©1992.
Subjects:
Tags: Add Tag
Call Number: DT58.9 .S36 1992
| LEADER | 01469namaa2200313 4500 | ||
|---|---|---|---|
| 001 | 19079 | ||
| 003 | OSt | ||
| 005 | 20260503131226.0 | ||
| 008 | 130303s1992 cauab bc 000 0 eng d | ||
| 010 | |a 91039824 | ||
| 040 | |c ARCE Library | ||
| 043 | |a f-ua--- |a n-us--- | ||
| 050 | 4 | |a DT58.9 .S36 1992 | |
| 100 | 1 | |a Scott, Gerry D., |e author | |
| 245 | 1 | 0 | |a Temple, tomb, and dwelling : |b Egyptian antiquities from the Harer Family Trust Collection / |c Gerry D. Scott, III ; with an introduction by Nancy Thomas. |
| 264 | 1 | |a [San Bernardino] : |b University Art Gallery, California State University, |c ©1992. | |
| 300 | |a xv, 207 pages : |b illustrations (some color), map ; |c 28 cm. | ||
| 500 | |a Exhibition held simultaneously at the University Art Gallery, California State University, San Bernardino, and the San Bernardino County Museum, Redlands, from Jan. 8-Mar. 1, 1992. | ||
| 504 | |a Includes bibliographical references (pages 206-207) | ||
| 600 | 1 | 0 | |a Harer, W. Benson |x Archaeological collections |v Catalogs. |
| 600 | 1 | 0 | |a Harer, Pamela K. |x Archaeological collections |v Catalogs. |
| 650 | 0 | |a Art, Egyptian |x Private collections |z United States |v Catalogs. | |
| 651 | 0 | |a Egypt |x Antiquities |x Private collections |z United States |v Catalogs. | |
| 700 | 1 | |a Thomas, Nancy, |d 1948- | |
| 710 | 2 | |a California State University, San Bernardino. |b University Art Gallery. | |
| 710 | 2 | |a San Bernardino County Museum. | |
| 901 | |a reviewed | ||
| 942 | |c BK |2 lcc | ||
| 999 | |c 16096 |d 16096 | ||
